000 00309nam a22001217a 4500
020 _a0684858401
082 _a158.1
100 _aStephen R. Covey
245 _aFirst things first to live,to love,to learn to leave a legacy
260 _aAustralia
_bSimon and Schuster
_c1994
300 _a360p
942 _cBK
999 _c2958
_d2958